|
|
|
|
| LEADER |
03735nam a2200541 4500 |
| 001 |
978-3-540-30181-3 |
| 003 |
DE-He213 |
| 005 |
20191026172255.0 |
| 007 |
cr nn 008mamaa |
| 008 |
121227s2004 gw | s |||| 0|eng d |
| 020 |
|
|
|a 9783540301813
|9 978-3-540-30181-3
|
| 024 |
7 |
|
|a 10.1007/b102170
|2 doi
|
| 040 |
|
|
|d GrThAP
|
| 050 |
|
4 |
|a QA76.758
|
| 072 |
|
7 |
|a UMZ
|2 bicssc
|
| 072 |
|
7 |
|a COM051230
|2 bisacsh
|
| 072 |
|
7 |
|a UMZ
|2 thema
|
| 072 |
|
7 |
|a UL
|2 thema
|
| 082 |
0 |
4 |
|a 005.1
|2 23
|
| 245 |
1 |
0 |
|a Software Process Improvement
|h [electronic resource] :
|b 11th European Conference, EuroSPI 2004, Trondheim, Norway, November 10-12, 2004. Proceedings /
|c edited by T. Dingsøyr.
|
| 250 |
|
|
|a 1st ed. 2004.
|
| 264 |
|
1 |
|a Berlin, Heidelberg :
|b Springer Berlin Heidelberg :
|b Imprint: Springer,
|c 2004.
|
| 300 |
|
|
|a X, 210 p.
|b online resource.
|
| 336 |
|
|
|a text
|b txt
|2 rdacontent
|
| 337 |
|
|
|a computer
|b c
|2 rdamedia
|
| 338 |
|
|
|a online resource
|b cr
|2 rdacarrier
|
| 347 |
|
|
|a text file
|b PDF
|2 rda
|
| 490 |
1 |
|
|a Lecture Notes in Computer Science,
|x 0302-9743 ;
|v 3281
|
| 505 |
0 |
|
|a On-Site Customer in an XP Project: Empirical Results from a Case Study -- Extreme Programming: Reassessing the Requirements Management Process for an Offsite Customer -- Global Software Development Project Management - Distance Overcoming -- Towards Comprehensive Experience-Based Decision Support -- Discovering the Relation Between Project Factors and Project Success in Post-mortem Evaluations -- Serious Insights Through Fun Software-Projects -- Software Process Improvement in Small and Medium Sized Software Enterprises in Eastern Finland: A State-of-the-Practice Study -- An Experimental Replica to Validate a Set of Metrics for Software Process Models -- Using Measurement Data in a TSPSM Project -- Software Thinking Improvement Learning Performance Improving Lessons -- The Adoption of an Electronic Process Guide in a Company with Voluntary Use -- Knowledge Mapping: A Technique for Identifying Knowledge Flows in Software Organisations -- Determining the Improvement Potential of a Software Development Organization Through Fault Analysis: A Method and a Case Study -- Root Cause Analysis and Gap Analysis - A Tale of Two Methods -- Empirical Evaluation of Two Requirements Prioritization Methods in Product Development Projects -- Project Effort Estimation: Or, When Size Makes a Difference -- A Comparison of Size Estimation Techniques Applied Early in the Life Cycle -- Model and Process for Timely Progress Reporting in Use Case Driven Software Development.
|
| 650 |
|
0 |
|a Software engineering.
|
| 650 |
|
0 |
|a Management information systems.
|
| 650 |
|
0 |
|a Computer science.
|
| 650 |
|
0 |
|a Computers and civilization.
|
| 650 |
1 |
4 |
|a Software Engineering/Programming and Operating Systems.
|0 http://scigraph.springernature.com/things/product-market-codes/I14002
|
| 650 |
2 |
4 |
|a Software Engineering.
|0 http://scigraph.springernature.com/things/product-market-codes/I14029
|
| 650 |
2 |
4 |
|a Management of Computing and Information Systems.
|0 http://scigraph.springernature.com/things/product-market-codes/I24067
|
| 650 |
2 |
4 |
|a Computers and Society.
|0 http://scigraph.springernature.com/things/product-market-codes/I24040
|
| 700 |
1 |
|
|a Dingsøyr, T.
|e editor.
|4 edt
|4 http://id.loc.gov/vocabulary/relators/edt
|
| 710 |
2 |
|
|a SpringerLink (Online service)
|
| 773 |
0 |
|
|t Springer eBooks
|
| 776 |
0 |
8 |
|i Printed edition:
|z 9783662184899
|
| 776 |
0 |
8 |
|i Printed edition:
|z 9783540237259
|
| 830 |
|
0 |
|a Lecture Notes in Computer Science,
|x 0302-9743 ;
|v 3281
|
| 856 |
4 |
0 |
|u https://doi.org/10.1007/b102170
|z Full Text via HEAL-Link
|
| 912 |
|
|
|a ZDB-2-SCS
|
| 912 |
|
|
|a ZDB-2-LNC
|
| 912 |
|
|
|a ZDB-2-BAE
|
| 950 |
|
|
|a Computer Science (Springer-11645)
|